000 00391nam a22001697a 4500
003 MPLRDC
005 20220104114631.0
008 210129b ||||| |||| 00| 0 eng d
082 _a191.9 LJL
100 _a罗家伦
245 _a新人生观
_c
250 _a初版
260 _a台湾
_b钟文出版社
_c
300 _b232
650 _a人生观; 生死观
942 _cBK
_o191.9 LJL
999 _c9018
_d9008